<?xml version="1.0" encoding="UTF-8"?><?xml-stylesheet type="text/xsl" href="static/style.xsl"?><OAI-PMH xmlns="http://www.openarchives.org/OAI/2.0/" xmlns:xsi="http://www.w3.org/2001/XMLSchema-instance" xsi:schemaLocation="http://www.openarchives.org/OAI/2.0/ http://www.openarchives.org/OAI/2.0/OAI-PMH.xsd"><responseDate>2026-04-26T21:59:34Z</responseDate><request verb="GetRecord" identifier="oai:uvadoc.uva.es:10324/52445" metadataPrefix="marc">https://uvadoc.uva.es/oai/request</request><GetRecord><record><header><identifier>oai:uvadoc.uva.es:10324/52445</identifier><datestamp>2022-03-15T21:51:23Z</datestamp><setSpec>com_10324_38</setSpec><setSpec>col_10324_852</setSpec></header><metadata><record xmlns="http://www.loc.gov/MARC21/slim" xmlns:doc="http://www.lyncode.com/xoai" xmlns:xsi="http://www.w3.org/2001/XMLSchema-instance" xmlns:dcterms="http://purl.org/dc/terms/" xsi:schemaLocation="http://www.loc.gov/MARC21/slim http://www.loc.gov/standards/marcxml/schema/MARC21slim.xsd">
<leader>00925njm 22002777a 4500</leader>
<datafield tag="042" ind1=" " ind2=" ">
<subfield code="a">dc</subfield>
</datafield>
<datafield tag="720" ind1=" " ind2=" ">
<subfield code="a">Pascual Ferreiro, Andrea</subfield>
<subfield code="e">author</subfield>
</datafield>
<datafield tag="260" ind1=" " ind2=" ">
<subfield code="c">2021</subfield>
</datafield>
<datafield tag="520" ind1=" " ind2=" ">
<subfield code="a">La distopía es uno de los géneros más exitosos de los últimos años. Inspirado en los&#xd;
acontecimientos más relevantes del siglo, el 11-S y la crisis económica de 2008, e&#xd;
impulsado por el desarrollo de las plataformas de streaming y las nuevas tecnologías, el&#xd;
género ha proliferado en todos los medios narrativos, convirtiéndose en un género&#xd;
transmedia, en todos los mercados.&#xd;
Este trabajo presenta una pequeña aproximación a la distopía en el ámbito hispánico, en&#xd;
cinco medios narrativos (novela, cine, televisión, cómic y videojuego), mediante el&#xd;
estudio comparativo de un corpus de obras recientes: Rendición, El Hoyo, La Valla,&#xd;
Puertadeluz y Dystopicon.</subfield>
</datafield>
<datafield tag="520" ind1=" " ind2=" ">
<subfield code="a">Dystopia is one of the most successful genres in the last years. Inspired by the most&#xd;
outstanding events of the century, the 9/11 and the global financial crisis, and motivated&#xd;
by the development of streaming platforms and new technologies, the genre has grown&#xd;
in narrative media, becoming a transmedia genre, in every market.&#xd;
This work presents a small approximation of Spanish dystopia, in five narrative media&#xd;
(novel, cinema, television, comic and video game), by a comparative study of recent&#xd;
works: Rendición, El Hoyo, La Valla, Puertadeluz and Dystopicon.</subfield>
</datafield>
<datafield tag="024" ind2=" " ind1="8">
<subfield code="a">https://uvadoc.uva.es/handle/10324/52445</subfield>
</datafield>
<datafield tag="245" ind1="0" ind2="0">
<subfield code="a">Narrativas distópicas en el siglo XXI: Un género transmedia (Novela, cine, televisión, cómic y videojuego)</subfield>
</datafield>
</record></metadata></record></GetRecord></OAI-PMH>